000 00594nam#a22002295a#4500
001 2608
245 1 0 _aSer como ellos :
_by otros artículos /
_cEduardo Galeano.
250 _a1ª edic.
260 _aBuenos Aires :
_bSiglo Veintiuno Editores,
_c2015.
300 _a112 p. ;
_c21 cm.
490 0 _aBiblioteca Eduardo Galeano
020 _a9789876295666
100 1 _aGaleano, Eduardo.
080 _a82
084 _aG 18
653 _aEnsayo
040 _aAR-ClEAG
_cAR-ClEAG
008 151217s2015####ag############000#0#und#d
005 20241107184750.0
003 AR-ClEAG
942 _cBK
999 _c2608
_d2608
980 _62
_aEvangelina Gallicchio
_82
_gEvangelina Gallicchio